Statystyki dla Odpowiedz dobrze na dane pytanie historyczne

Kliknij tutaj aby rozwiązać quiz!

Ogólne statystyki

  • Ten quiz został rozwiązany 116 razy
  • Średni wynik to 8 z 11

Statystyki odpowiedzi

ZagadnienieOdpowiedź% Poprawnych
Kiedy był chrzest polski966
100%
Największe państwo ZSRRRosja
99%
Kto zaczął II wojnę światowąNiemcy
98%
Kto odkrył AmerykęKszysztof Kolumb
94%
Polacy chcieli mieć kolonie na tej wyspieMadagaskar
88%
Kto powstrzymał Turków Przed podbiciem EuropyJan III Sobieski
83%
Stany Zjednoczone były kolonią...Wielka brytanii
69%
Najstarsza republika w EuropieSan Marino
64%
Największe państwo w historiiImperium Brytyjskie
53%
Na tej wyspie była najkrótsza wojnaZanzibar
51%
Kto zaczął I wojnę światowąSerbia
23%

Rozkład punktacji

Percentyl według liczby udzielonych odpowiedzi

Procent ludzi z każdym wynikiem

Twoja historia wyników

Nie rozwiązałeś tego quizu